| 000 | 00546nam a2200169 a 4500 | ||
|---|---|---|---|
| 005 | 20140412111325.0 | ||
| 008 | 000818s19uu xx 00 eng d | ||
| 020 | _a0-316-93136-5 | ||
| 050 |
_aTR(PS E _bLa12 1988 |
||
| 100 | _aWestcott, Nadine Bernard | ||
| 245 |
_aLady with the alligator purse (The) / _cadapted and illustrated by Nadine Bernard Westcott. |
||
| 260 |
_aBoston : _bLittle Brown and Company, _c1988. |
||
| 300 | _a1 v. (unp.) ; ill. | ||
| 650 |
_aAlligators _xFiction |
||
| 650 |
_aChildren stories _xFiction |
||
| 999 |
_c104563 _d104563 |
||